000 01200cam a22003614a 4500
001 muse77051
003 MdBmJHUP
005 20210127151303.0
006 m o d
007 cr||||||||nn|n
008 180928s2018 cau o 00 0 eng d
010 _z 2018959825
020 _a9781947447899
020 _a9781947447905
035 _a(OCoLC)1100491572
040 _aMdBmJHUP
_cMdBmJHUP
100 1 _aChambers, Samuel A.
245 1 0 _aThere's No Such Thing as "The Economy": Essays on Capitalist Value
_cSamuel A. Chambers.
250 _a1st edition.
264 1 _bPunctum Books,
264 3 _bProject MUSE,
300 _a1 online resource (pages cm)
506 0 _aOpen Access
_fUnrestricted online access
_2star
588 _aDescription based on print version record.
655 7 _aElectronic books.
_2local
710 2 _aProject Muse.
_edistributor
830 0 _aBook collections on Project MUSE.
856 4 0 _zFull text available:
_uhttps://muse.jhu.edu/book/66817/
999 _c25313
_d25313